| 000 | 00409nam a2200145Ia 4500 | ||
|---|---|---|---|
| 008 | 210210b2006 xxu||||| |||| 00| 0 eng d | ||
| 082 | _a384.54 MANO | ||
| 100 | _aMANVELL (Roger). | ||
| 245 | _aOn the air: a study of broadcasting in sound and television. | ||
| 260 |
_aNew Delhi _bSurjeet Publications _c2006 |
||
| 300 | _axiii,202 | ||
| 650 | _aBBC Radio Television | ||
| 690 | _aRadio | ||
| 906 | _a061144 | ||
| 999 |
_c107956 _d107956 |
||